BGG immunotherapy of lung cancer in a district oncology dispensary I. Study of 860 patients with histologic diagnosis

Bibliographic Details
Main Authors: Hadžiev, S. (Author), Mandulova, P. (Author), Kavaklieva-Dimitrova, J. (Author), Penev, K. (Author), Spassova, M. (Author), Madžarova, S. (Author)
Format: Article
Language:Slovak
English
PhysicalDescription:Obr. 13. Tb. 3.
Subjects:

MARC

LEADER 00000nab a2200000 a 4500
001 vtls000118281
003 SK-MaSNL
005 20260304060220.0
008 250422c1982 xo 0 slo
015 |a SNBRB19rr/mm-uuuuu 
035 |a CL0128386 
035 |a urn:nbn:sk:snk-ab70qt 
035 |a (uuid)56f60ab2-f5b9-413f-92ed-a35195671556 
035 |a (urnnbn)urn:nbn:sk:snk:ar-a06gff 
035 |a (sysno)vtls000118281 
040 |a SNKBUCL  |b slo  |c SNKBUCL  |e AACR2 
041 0 |a eng 
044 |a xo  |c SK 
080 |a 616.2  |2 1981 
080 |a 615.3  |2 1981 
245 0 0 |a BGG immunotherapy of lung cancer in a district oncology dispensary  |n I.  |p Study of 860 patients with histologic diagnosis  |c S. Hadžiev ... [et al.] 
300 |b Obr. 13. Tb. 3. 
650 0 7 |a bronchogénny karcinóm  |2 snkbucl  |9 76111 
650 0 7 |a imunoterapia BGG  |2 snkbucl  |9 1343134 
655 7 |a články z novín a časopisov  |2 snkbucl  |9 267496 
700 1 |a Hadžiev, S.  |4 aut  |9 1160193 
700 1 |a Mandulova, P.  |4 aut  |9 1160192 
700 1 |a Kavaklieva-Dimitrova, J.  |4 aut  |9 1343135 
700 1 |a Penev, K.  |4 aut  |9 1343136 
700 1 |a Spassova, M.  |4 aut  |9 1160191 
700 1 |a Madžarova, S.  |4 aut  |9 1160194 
773 0 |t Neoplasma  |g Roč. 29, č. 1 (1982), s. 93-110 
850 |a Slovenská národná knižnica 
852 |a Slovenská národná knižnica 
958 |a article27 
958 |a RK 
958 |a MI 
958 |a OND 
958 |a EUIPO 
992 |a RBX 
999 |c 2727779  |d 2729709